| 000 | 00714nam 22002413 4500 | ||
|---|---|---|---|
| 001 | 200133 | ||
| 010 | _a972-8332-25-4 | ||
| 021 | _bM.21.659-1998 | ||
| 090 | _a200133 | ||
| 100 | _a20260122d u||y0pory50 ba | ||
| 200 |
_aCiências Naturais _eguia de apoio ao estudante _fDireção Fernando Carvalho Rodrigues |
||
| 210 |
_aLisboa _cFGP -Editor _dD.L.1996 |
||
| 215 |
_a415 p. _cil. ; encadernado _d25 cm |
||
| 300 | _a. - só temos o volume II | ||
| 327 | _a2ºv.: Botânica ; Zoologia. | ||
| 606 |
_9869 _aBotânica |
||
| 607 |
_974 _aZoologia |
||
| 675 |
_a58 _vPT _zpor |
||
| 675 |
_a59 _vPT _zpor |
||
| 702 |
_915948 _aRodrigues _bFernando Carvalho |
||
| 801 |
_aPT _bBMMN _gRPC |
||
| 830 |
_cAna _fAna |
||
| 990 | _cLIVROS | ||